Caricamento...

இந்திய இலக்கியச் சிற்பிகள் கோபால கிருஷ்ணபாரதியார்

Dettagli Bibliografici
Autore principale: Piramila Kurumoorthi
Natura: Printed Book
Pubblicazione: New Delhi Sahitya Akademi 2018
Edizione:2nd
LEADER 00557nam a22001457a 4500
020 |a 9788126016372 
082 |a 920  |b PIR/I 
100 |a Piramila Kurumoorthi 
240 |a indiya ilakkiya sirpikal Kopalakrishna bharathiyar 
245 |a இந்திய இலக்கியச் சிற்பிகள் கோபால கிருஷ்ணபாரதியார்  
250 |a 2nd 
260 |a New Delhi  |b Sahitya Akademi  |c 2018 
942 |c BK 
999 |c 312876  |d 312876 
952 |0 0  |1 0  |4 0  |7 0  |9 334489  |a TAM  |b TAM  |d 2020-11-20  |o 920  |p TAM30931`PIR/I  |w 2020-11-20  |y BK